Droit vers l'Antarctique ! - Statistiques

Statistiques générales
  • Ce quiz a été pris 6 023 fois
  • Le résultat moyen est 45 sur 69
Statistiques - réponses
Pays % Correct
Afrique du Sud
91%
Argentine
91%
Chili
91%
Australie
90%
États-Unis
90%
Brésil
87%
France
87%
Canada
86%
Nouvelle-Zélande
86%
Inde
85%
Japon
79%
Madagascar
79%
Indonésie
78%
Russie
76%
Espagne
75%
Mexique
75%
Royaume-Uni
74%
Portugal
73%
Pérou
70%
Sri Lanka
69%
Oman
68%
Sénégal
68%
Togo
68%
Yémen
68%
Guinée
67%
Pakistan
67%
Côte d'Ivoire
66%
Angola
65%
Fidji
65%
Somalie
65%
Bénin
64%
Namibie
64%
Uruguay
64%
Ghana
63%
Mozambique
63%
Seychelles
63%
Cap-Vert
62%
Iran
62%
Islande
62%
Maurice
62%
Équateur
60%
Tonga
60%
Bangladesh
59%
Liberia
59%
Samoa
59%
Maldives
58%
Guinée-Bissau
57%
Sierra Leone
57%
Danemark
55%
Kenya
55%
Kiribati
55%
Nigeria
55%
Sao Tomé-et-Principe
55%
États Fédérés de Micronésie
54%
Îles Marshall
54%
Birmanie
53%
Guinée Équatoriale
53%
Gabon
52%
Îles Salomon
52%
République du Congo
51%
Gambie
50%
Panama
49%
Papouasie-Nouvelle-Guinée
48%
Costa Rica
46%
Guatemala
45%
Salvador
44%
Honduras
43%
Nicaragua
43%
Norvège
43%
Aucun quiz correspondant
Distribution des résultats
% des personnes avec chaque résultat
Percentile par nombre de réponses
Votre historique - résultats
Vous n’avez pas pris ce quiz